[Event "Sparkassen-Open J"]
[Site "Heusenstamm, Martinsee"]
[Date "2023.11.24"]
[Round "1.1"]
[White "Müller, Konstantin"]
[Black "Xu, Dorothea Sicheng"]
[Result "1-0"]
[WhiteElo "1614"]
[BlackElo "1051"]
[PlyCount "115"]
[EventDate "2023.??.??"]
[WhiteTeam "SK Münster 32 e. V."]
[BlackTeam "SK Bad Homburg 1927"]

1. e4 e5 2. Nc3 Nf6 3. f4 d5 4. fxe5 Nxe4 5. Qf3 Nxc3 6. bxc3 Nc6 7. d4 Qh4+ 8. g3 Qe4+ 9. Qxe4 dxe4 10. Bg2 Bf5 11. Nh3 Be7 12. Rf1 g6 13. Ke2 O-O-O 14. Ng5 Rdf8 15. Bh3 Bxg5 16. Bxf5+ gxf5 17. Bxg5 Rhg8 18. Bf6 Kd7 19. Rxf5 h6 20. Rh5 Rg6 21. Ke3 Ke6 22. c4 Nb4 23. d5+ Kd7 24. Rc1 a6 25. a3 Na2 26. Rb1 b6 27. Kd2 e3+ 28. Kd3 e2 29. Kd2 a5 30. Ra1 Nb4 31. axb4 axb4 32. Ra7 Rg4 33. Kxe2 Rxc4 34. Rxh6 Rxc2+ 35. Kd3 b3 36. d6 Rc5 37. Rxc7+ Rxc7 38. dxc7 Kxc7 39. Rh8 Rxh8 40. Bxh8 Kc6 41. Kc3 Kc5 42. Kxb3 b5 43. h4 b4 44. h5 Kd5 45. h6 Ke6 46. Bf6 Kf5 47. h7 Kg4 48. h8=Q Kxg3 49. Qh4+ Kf3 50. e6 fxe6 51. Be5 Ke3 52. Qf4+ Kd3 53. Qf3+ Kd2 54. Qe4 Kd1 55. Qg2 Ke1 56. Kc2 b3+ 57. Kd3 Kd1 58. Qf1# 1-0

[Event "Sparkassen-Open J"]
[Site "Heusenstamm, Martinsee"]
[Date "2023.11.24"]
[Round "1.2"]
[White "Goebel, Johannes"]
[Black "Shanawaz Thabrez, Shahzaib"]
[Result "0-1"]
[WhiteElo "1026"]
[BlackElo "1463"]
[PlyCount "74"]
[EventDate "2023.??.??"]
[WhiteTeam "SK Marburg 1931/72"]
[BlackTeam "SK Langen"]

1. e4 e5 2. Nc3 Nf6 3. f4 d5 4. exd5 Nxd5 5. d4 Bb4 6. Nge2 exd4 7. Qxd4 O-O 8. Bd2 Bxc3 9. Nxc3 Re8+ 10. Be2 Bg4 11. Qf2 Nxc3 12. Bxc3 Rxe2+ 13. Qxe2 Bxe2 14. Kxe2 Nc6 15. Rad1 Qh4 16. g3 Qg4+ 17. Kd2 g5 18. Rhf1 Qe6 19. b3 a5 20. Kc1 a4 21. Rfe1 Qf5 22. Kb1 axb3 23. axb3 Qc5 24. Bb2 Nb4 25. Rd2 h6 26. fxg5 Qxg5 27. Red1 c5 28. Kc1 Rd8 29. Bc3 Ra8 30. Kb1 Na2 31. Bb2 Nb4 32. Bc1 c4 33. Rd4 Qa5 34. Rg4+ Kh7 35. Bb2 c3 36. Bxc3 Qa2+ 37. Kc1 Qxc2# 0-1

[Event "Sparkassen-Open J"]
[Site "Heusenstamm, Martinsee"]
[Date "2023.11.24"]
[Round "1.3"]
[White "Wolf, Noah"]
[Black "Luan, Elena"]
[Result "1-0"]
[WhiteElo "1567"]
[BlackElo "1026"]
[PlyCount "77"]
[EventDate "2023.??.??"]
[WhiteTeam "Vorw.Orient Mainz"]
[BlackTeam "SV Oberursel"]

1. e4 e5 2. Nf3 Nc6 3. Bc4 Bc5 4. c3 d6 5. d3 Qf6 6. O-O Bg4 7. Nbd2 Qg6 8. a4 Bh3 9. Nh4 Qg4 10. Qxg4 Bxg4 11. b4 Bxb4 12. cxb4 Nxb4 13. Ba3 Nc2 14. Ra2 Nd4 15. h3 Bd7 16. Bb2 Nc6 17. f4 Nf6 18. fxe5 dxe5 19. Nhf3 Nb4 20. Raa1 Nc2 21. Rac1 Bxa4 22. Nxe5 O-O 23. Bb3 Bxb3 24. Nxb3 Nb4 25. Ba3 a5 26. Nxa5 Na2 27. Bxf8 Nxc1 28. Nac4 Ne2+ 29. Kf2 Ra2 30. Be7 Nd4+ 31. Kg1 Ne2+ 32. Kh2 Nd4 33. Rb1 b6 34. Bc5 Ne6 35. Be3 Re2 36. Ra1 h6 37. Bg1 Nh5 38. Ra8+ Nf8 39. Nd7 1-0

[Event "Sparkassen-Open J"]
[Site "Heusenstamm, Martinsee"]
[Date "2023.11.24"]
[Round "1.4"]
[White "Ninnemann, Patrick"]
[Black "Schwab, Lysander"]
[Result "1-0"]
[WhiteElo "1021"]
[BlackElo "1459"]
[PlyCount "91"]
[EventDate "2023.??.??"]
[WhiteTeam "Chess Tigers Schach-Förderverein"]
[BlackTeam "SC Aschaffenburg e.V."]

1. e4 c5 2. Nf3 Nc6 3. Nc3 g6 4. Bc4 Bg7 5. O-O d6 6. d3 Nf6 7. Be3 O-O 8. h3 Nd7 9. d4 cxd4 10. Nxd4 Nxd4 11. Bxd4 Ne5 12. Bb3 Bd7 13. Re1 a6 14. Nd5 Nc6 15. Bxg7 Kxg7 16. Qd2 Rc8 17. Qe3 Na5 18. Qb6 Qxb6 19. Nxb6 Rc7 20. Nd5 Rc5 21. Nxe7 Re8 22. Nd5 Bc6 23. Nc3 b5 24. a3 Rce5 25. f3 Nxb3 26. cxb3 d5 27. f4 R5e7 28. e5 f6 29. exf6+ Kxf6 30. Rxe7 Rxe7 31. Kf2 d4 32. Ne2 Rd7 33. Rc1 Be4 34. Nxd4 Rxd4 35. Ke3 Rd3+ 36. Kxe4 Rxb3 37. Rc2 a5 38. Rc6+ Kg7 39. Rc2 Kf6 40. Rf2 b4 41. axb4 Rxb4+ 42. Kf3 Kf5 43. Kg3 Rb3+ 44. Kh4 Ke4 45. Kg5 Ke3 46. Rf3+ 1-0

[Event "Sparkassen-Open J"]
[Site "Heusenstamm, Martinsee"]
[Date "2023.11.24"]
[Round "1.5"]
[White "Kesavan, Sarvesh"]
[Black "Schwab, Florentin"]
[Result "0-1"]
[WhiteElo "1482"]
[BlackElo "1024"]
[PlyCount "111"]
[EventDate "2023.??.??"]
[WhiteTeam "SK Bad Homburg 1927"]
[BlackTeam "SC Aschaffenburg e.V."]

1. e4 e5 2. Nf3 Nc6 3. Bc4 Bc5 4. O-O Nf6 5. d3 d6 6. c3 Bg4 7. Nbd2 O-O 8. a4 d5 9. exd5 Nxd5 10. Qb3 Nf6 11. Qxb7 Na5 12. Qb5 Nxc4 13. Qxc4 Bd6 14. Ng5 Be7 15. Nde4 Be2 16. Re1 Bxd3 17. Qa2 Nxe4 18. Nxe4 Bxe4 19. Be3 Qd7 20. Rad1 Qc6 21. Bc1 Rfd8 22. f3 Rxd1 23. Rxd1 Bg6 24. Be3 Bc5 25. Bxc5 Qxc5+ 26. Kh1 h6 27. Rd5 Qe3 28. Rd1 Qe2 29. Rg1 Rd8 30. Qa1 Bc2 31. Qf1 Qe3 32. Qe1 Qxe1 33. Rxe1 Rd1 34. Rxd1 Bxd1 35. a5 Kf8 36. c4 Ke7 37. c5 Kd7 38. b4 Kc6 39. Kg1 Kb5 40. Kf2 Kxb4 41. Ke3 f5 42. g4 fxg4 43. fxg4 Bxg4 44. Ke4 Kxa5 45. Kxe5 Kb4 46. Kd5 a5 47. Kc6 a4 48. Kxc7 a3 49. c6 a2 50. Kb7 a1=Q 51. c7 Qf6 52. c8=Q Bxc8+ 53. Kxc8 Qe7 54. Kb8 Kb5 55. h4 Kb6 56. h5 0-1

[Event "Sparkassen-Open J"]
[Site "Heusenstamm, Martinsee"]
[Date "2023.11.24"]
[Round "1.6"]
[White "Paschedag, Vivien"]
[Black "Will, Elina"]
[Result "0-1"]
[WhiteElo "1019"]
[BlackElo "1325"]
[PlyCount "152"]
[EventDate "2023.??.??"]
[WhiteTeam "SC Heusenstamm"]
[BlackTeam "TuS Makkabi Wiesbaden"]

1. e4 d5 2. e5 c5 3. Nf3 Nc6 4. Bb5 Qc7 5. c3 Bd7 6. d4 cxd4 7. cxd4 Nxe5 8. Nxe5 Bxb5 9. Nc3 Bc6 10. O-O e6 11. Qg4 Nf6 12. Qg3 Nh5 13. Qf3 Nf6 14. Bf4 Qb6 15. Ne2 Rc8 16. Bg5 Be7 17. b3 Bb5 18. Rfe1 Bxe2 19. Qxe2 O-O 20. Bxf6 Bxf6 21. Nd7 Qxd4 22. Nxf8 Kxf8 23. Rac1 Rxc1 24. Rxc1 Qb6 25. Rc8+ Ke7 26. Qc2 Kd7 27. Rh8 Qc7 28. Qxc7+ Kxc7 29. Rxh7 Kd6 30. Rh3 Kc5 31. Kf1 Kb4 32. a4 Bc3 33. Rf3 f6 34. Rg3 g5 35. Rg4+ Kxb3 36. f4 gxf4 37. Rxf4 Be5 38. Rg4 d4 39. Ke2 Kxa4 40. Rg7 b5 41. Rxa7+ Kb3 42. h4 b4 43. Kd3 f5 44. h5 Bf6 45. h6 e5 46. Ra6 e4+ 47. Ke2 d3+ 48. Ke3 Bc3 49. Rd6 Kc2 50. h7 d2 51. Ke2 b3 52. Rxd2+ Kc1 53. Rd1+ Kc2 54. Rh1 b2 55. h8=Q Bxh8 56. Rxh8 b1=Q 57. Rc8+ Kb2 58. Rb8+ Kc2 59. Rxb1 Kxb1 60. Ke3 Kc2 61. Kf4 Kd2 62. Kxf5 e3 63. g4 e2 64. g5 e1=Q 65. g6 Qf2+ 66. Kg5 Ke3 67. g7 Qg3+ 68. Kf6 Qf4+ 69. Kg6 Qb8 70. Kh7 Qc7 71. Kg8 Ke4 72. Kf8 Qf4+ 73. Kg8 Kf5 74. Kh8 Qh6+ 75. Kg8 Kg6 76. Kf8 Qxg7+ 0-1

[Event "Sparkassen-Open J"]
[Site "Heusenstamm, Martinsee"]
[Date "2023.11.24"]
[Round "1.7"]
[White "Hasenpflug, Till"]
[Black "Lenhard, Robert"]
[Result "1-0"]
[WhiteElo "1350"]
[BlackElo "1013"]
[PlyCount "53"]
[EventDate "2023.??.??"]
[WhiteTeam "SK Bad Homburg 1927"]
[BlackTeam "SV 1920 Hofheim"]

1. e4 e5 2. Nf3 Nc6 3. d4 exd4 4. Bc4 Nf6 5. e5 Nxe5 6. Nxe5 d5 7. Bb5+ c6 8. Nxc6 bxc6 9. Bxc6+ Bd7 10. Bxa8 Qxa8 11. Qxd4 Qb7 12. O-O Be6 13. Qa4+ Qd7 14. Qxd7+ Bxd7 15. Re1+ Be6 16. Be3 a6 17. Nd2 Bd6 18. Nf3 O-O 19. Nd4 Re8 20. f3 Nh5 21. Rad1 Nf4 22. Bxf4 Bxf4 23. Nxe6 fxe6 24. Rxd5 Kf8 25. Rd4 Bg5 26. Rd6 e5 27. Rxa6 1-0

[Event "Sparkassen-Open J"]
[Site "Heusenstamm, Martinsee"]
[Date "2023.11.24"]
[Round "1.8"]
[White "Riazi, Dominik"]
[Black "Avhopulo, Kirill"]
[Result "1-0"]
[WhiteElo "997"]
[BlackElo "1411"]
[PlyCount "120"]
[EventDate "2023.??.??"]
[WhiteTeam "SK Bad Homburg 1927"]
[BlackTeam "SK Marburg 1931/72"]

1. e4 c5 2. Nf3 Nc6 3. Bb5 e6 4. Nc3 Nge7 5. O-O g6 6. d3 Bg7 7. Bg5 f6 8. Bh4 O-O 9. d4 cxd4 10. Nxd4 Nxd4 11. Qxd4 Nc6 12. Qd2 h5 13. Bg3 e5 14. f4 Nd4 15. Bc4+ Kh7 16. Nd5 d6 17. fxe5 dxe5 18. h3 Be6 19. c3 Bh6 20. Qd3 Bxd5 21. Bxd5 Nc6 22. Rad1 Rb8 23. Qc4 Qb6+ 24. Bf2 Qxb2 25. Rfe1 Qa3 26. Bc5 Qa5 27. Bxf8 Rxf8 28. Bxc6 Qb6+ 29. Kh1 bxc6 30. Rd6 Qf2 31. Rf1 Qh4 32. Qxc6 Bf4 33. Qc7+ Kh6 34. Rd3 a6 35. c4 Rg8 36. Qc5 f5 37. exf5 gxf5 38. Qf2 Qxf2 39. Rxf2 Rc8 40. Rc3 Kg5 41. g3 Bxg3 42. Rxg3+ Kf6 43. Rc3 e4 44. Kg2 Ke5 45. Kg3 f4+ 46. Kg2 e3 47. Rf1 Ke4 48. h4 Rg8+ 49. Kh2 e2 50. Rh1 f3 51. Re1 Rg4 52. Kh3 Rg1 53. Rxg1 f2 54. Rcc1 Kd4 55. Kg2 e1=Q 56. Rgxe1 fxe1=Q 57. Rxe1 Kxc4 58. Re5 Kc3 59. Rxh5 Kb2 60. Rg5 Kxa2 1-0

[Event "Sparkassen-Open J"]
[Site "Heusenstamm, Martinsee"]
[Date "2023.11.24"]
[Round "1.9"]
[White "Nguyen, Minh An"]
[Black "Biallas, Flynn"]
[Result "1-0"]
[WhiteElo "1411"]
[BlackElo "988"]
[PlyCount "63"]
[EventDate "2023.??.??"]
[WhiteTeam "SV 1920 Hofheim"]
[BlackTeam "SK Marburg 1931/72"]

1. d4 d5 2. Bf4 Nc6 3. e3 Nf6 4. Nf3 Bg4 5. Nbd2 e6 6. c3 Bd6 7. Bg3 a6 8. Bd3 Bxg3 9. hxg3 e5 10. dxe5 Nxe5 11. Qc2 Nxd3+ 12. Qxd3 c6 13. O-O-O Qe7 14. Rdf1 Ne4 15. Qd4 Rg8 16. Rxh7 c5 17. Qe5 Nxd2 18. Qxe7+ Kxe7 19. Nxd2 Rad8 20. Rh4 Bf5 21. Re1 Kf6 22. Nf3 g5 23. Rh6+ Kg7 24. Rb6 Rd7 25. Nxg5 f6 26. Nf3 Be4 27. Rd1 Rgd8 28. Rd2 d4 29. exd4 cxd4 30. cxd4 Kg6 31. Ne5+ Kf5 32. Nxd7 1-0

[Event "Sparkassen-Open J"]
[Site "Heusenstamm, Martinsee"]
[Date "2023.11.24"]
[Round "1.10"]
[White "Kollmer, Otto"]
[Black "Beier, Martin"]
[Result "0-1"]
[WhiteElo "981"]
[BlackElo "1321"]
[PlyCount "71"]
[EventDate "2023.??.??"]
[WhiteTeam "VSG 1880 Offenbach"]
[BlackTeam "SK Bad Homburg 1927"]

1. e4 e6 2. d4 d5 3. e5 c5 4. c3 Nc6 5. Bb5 Qb6 6. Qa4 Bd7 7. Bxc6 Bxc6 8. Qd1 Ne7 9. Nf3 Nf5 10. O-O Be7 11. Qd3 Bb5 12. Qc2 Bxf1 13. Qa4+ Bb5 14. Qd1 Rc8 15. Be3 Bd7 16. Qe2 Bb5 17. Qc2 Bc4 18. Nbd2 Bb5 19. c4 Bd7 20. Qc3 O-O 21. Nb3 Nxe3 22. fxe3 dxc4 23. Qxc4 Bb5 24. Qc3 cxd4 25. Qxd4 Qxd4 26. exd4 f6 27. Re1 fxe5 28. Nxe5 Bb4 29. Rd1 Be2 30. Rb1 Rf6 31. h3 Rcf8 32. a3 Rf1+ 33. Rxf1 Rxf1+ 34. Kh2 Bd6 35. Nd2 Rd1 36. b4 0-1

[Event "Sparkassen-Open J"]
[Site "Heusenstamm, Martinsee"]
[Date "2023.11.24"]
[Round "1.11"]
[White "Gao, Chenzhuo (Jonathan)"]
[Black "Kanagaraj, Aarav"]
[Result "1-0"]
[WhiteElo "1301"]
[BlackElo "966"]
[PlyCount "87"]
[EventDate "2023.??.??"]
[WhiteTeam "SC Rotenburg"]
[BlackTeam "TSV Schott Mainz"]

1. c4 Nf6 2. d3 g6 3. Nf3 Bg7 4. g3 O-O 5. Bg2 d6 6. Nc3 e5 7. Bd2 Nc6 8. h3 Re8 9. O-O Be6 10. e4 Qd7 11. Kh2 Nb4 12. Be3 a6 13. a3 Nc6 14. Rc1 Rab8 15. Ng5 Nd4 16. Nxe6 Qxe6 17. Ne2 c5 18. f4 b5 19. fxe5 Qxe5 20. Nxd4 cxd4 21. Bf4 Qe6 22. c5 Bf8 23. cxd6 Bxd6 24. Rc6 Red8 25. Rxa6 Qe7 26. e5 Bxe5 27. Bxe5 Qxe5 28. Raxf6 Rd6 29. Rxf7 b4 30. Qb3 Qe6 31. Qxe6 Rxe6 32. Bd5 Re2+ 33. R7f2+ Kg7 34. Rxe2 bxa3 35. bxa3 Rb5 36. Bc4 Ra5 37. Re7+ Kh6 38. Rff7 Kg5 39. h4+ Kh5 40. Rxh7+ Kg4 41. Ref7 Rf5 42. Be6 g5 43. Rxf5 gxh4 44. Rxh4# 1-0

[Event "Sparkassen-Open J"]
[Site "Heusenstamm, Martinsee"]
[Date "2023.11.24"]
[Round "1.12"]
[White "Staudt, Merle"]
[Black "Shanmuganathan, Adhav"]
[Result "0-1"]
[WhiteElo "965"]
[BlackElo "1141"]
[PlyCount "90"]
[EventDate "2023.??.??"]
[WhiteTeam "SV Mülheim-Nord 1931 e"]
[BlackTeam "SV 1934 Ffm-Griesheim"]

1. e4 e5 2. d4 exd4 3. Qxd4 Nc6 4. Qe3 Nf6 5. Bd2 d6 6. Nc3 Ng4 7. Qg3 Be7 8. Bc4 Bh4 9. Qf4 Bxf2+ 10. Kd1 Qf6 11. Qxf6 Nxf6 12. Nf3 O-O 13. Rf1 Bb6 14. Nh4 Bg4+ 15. Be2 Bxe2+ 16. Kxe2 Rfe8 17. Kd3 Nb4+ 18. Kc4 Nxc2 19. Rac1 Nd4 20. Nd5 Nxe4 21. Be3 Ne6 22. Bxb6 axb6 23. Rce1 Nd2+ 24. Kc3 Nxf1 25. Rxf1 Rxa2 26. Re1 Ra5 27. Nf4 Kf8 28. Nd3 Nc5 29. Rf1 Nxd3 30. Kxd3 Rd5+ 31. Kc2 g5 32. Nf3 Re2+ 33. Kb1 Rxg2 34. h3 Rf5 35. Kc1 Rg3 36. Kd2 Rgxf3 37. Rxf3 Rxf3 38. Ke2 Rxh3 39. Kf1 Rb3 40. Ke1 Rxb2 41. Kd1 g4 42. Ke1 d5 43. Kd1 g3 44. Ke1 g2 45. Kd1 g1=R# 0-1

[Event "Sparkassen-Open J"]
[Site "Heusenstamm, Martinsee"]
[Date "2023.11.24"]
[Round "1.13"]
[White "Noll, Raphael"]
[Black "Schmidt, Merle Laureen"]
[Result "1-0"]
[WhiteElo "1387"]
[BlackElo "936"]
[PlyCount "95"]
[EventDate "2023.??.??"]
[WhiteTeam "SK Marburg 1931/72"]
[BlackTeam "Sport Union Annen e. V."]

1. e4 c5 2. Nf3 d6 3. Bc4 Nc6 4. Nc3 Nf6 5. d3 g6 6. O-O Bg7 7. Be3 O-O 8. h3 Bd7 9. e5 Nxe5 10. Nxe5 dxe5 11. Bxc5 b6 12. Ba3 Rb8 13. Bb5 Bxb5 14. Nxb5 a6 15. Nc3 b5 16. Bc5 Qc7 17. Be3 Rfd8 18. Qe2 Nd5 19. Nxd5 Rxd5 20. f4 exf4 21. Bxf4 Qc5+ 22. Be3 Qc6 23. c3 Qe6 24. Qd2 Rh5 25. Bf4 Rd8 26. Rae1 Qxa2 27. Rxe7 b4 28. d4 bxc3 29. bxc3 Qxd2 30. Bxd2 Ra8 31. Rfxf7 Bh6 32. Bxh6 Rxh6 33. Ra7 Rxa7 34. Rxa7 g5 35. Kf2 Rc6 36. d5 Rf6+ 37. Ke3 h6 38. c4 Kf8 39. c5 Rf5 40. Ke4 Rf2 41. c6 Re2+ 42. Kd4 Rd2+ 43. Kc5 Ke8 44. Kd6 Rf2 45. Ra8+ Kf7 46. c7 Rc2 47. c8=Q Rxc8 48. Rxc8 1-0

[Event "Sparkassen-Open J"]
[Site "Heusenstamm, Martinsee"]
[Date "2023.11.24"]
[Round "1.14"]
[White "Paul, Jenna"]
[Black "Lukas, Olivia"]
[Result "0-1"]
[WhiteElo "930"]
[BlackElo "1240"]
[PlyCount "72"]
[EventDate "2023.??.??"]
[WhiteTeam "TV-Großostheim 1900 e.V."]
[BlackTeam "SF Deizisau"]

1. e4 e5 2. Nf3 Nc6 3. Bc4 Bc5 4. c3 Nf6 5. d4 exd4 6. O-O Nxe4 7. cxd4 Bb4 8. d5 Na5 9. Bd3 Nf6 10. a3 Be7 11. b4 Nxd5 12. bxa5 d6 13. Bb5+ c6 14. Qxd5 cxb5 15. Qxb5+ Bd7 16. Qxb7 Rb8 17. Qxa7 Bf6 18. Nd4 Ra8 19. Qb6 Qxb6 20. axb6 Bxd4 21. Re1+ Be6 22. Ra2 Kd7 23. b7 Bxa2 24. bxa8=Q Rxa8 25. Nd2 Bc5 26. Nc4 Bxc4 27. Re4 Be6 28. a4 d5 29. Rf4 d4 30. Bb2 Rb8 31. h3 Rxb2 32. Rh4 d3 33. a5 d2 34. a6 d1=Q+ 35. Kh2 Bd6+ 36. g3 Rxf2# 0-1

[Event "Sparkassen-Open J"]
[Site "Heusenstamm, Martinsee"]
[Date "2023.11.24"]
[Round "1.15"]
[White "Chen, Lilly"]
[Black "Nguyen, Minh Anh"]
[Result "1-0"]
[WhiteElo "1370"]
[BlackElo "919"]
[PlyCount "45"]
[EventDate "2023.??.??"]
[WhiteTeam "Sfr Stiller Zug Wiesbaden"]
[BlackTeam "SV 1920 Hofheim"]

1. Nf3 Nf6 2. c4 g6 3. e3 Bg7 4. Be2 O-O 5. O-O Nc6 6. Nc3 d6 7. h3 e5 8. d3 Re8 9. e4 b6 10. a3 a5 11. a4 Bd7 12. Be3 Nb4 13. Qd2 c5 14. Bh6 Bc6 15. Bxg7 Kxg7 16. Nd5 Bxd5 17. cxd5 Nh5 18. g3 Qd7 19. Kg2 Rh8 20. Nh4 Nf6 21. Qg5 h6 22. Nf5+ Kf8 23. Qxf6 1-0

[Event "Sparkassen-Open J"]
[Site "Heusenstamm, Martinsee"]
[Date "2023.11.24"]
[Round "1.16"]
[White "Kondhare, Aaryaman"]
[Black "Nain, Medhansh"]
[Result "0-1"]
[WhiteElo "915"]
[BlackElo "1283"]
[PlyCount "56"]
[EventDate "2023.??.??"]
[WhiteTeam "Wiesbadener SV 1885"]
[BlackTeam "SK Bickenbach"]

1. e4 e5 2. Nf3 Nc6 3. c3 Nf6 4. d4 exd4 5. cxd4 Bb4+ 6. Nc3 Nxe4 7. Bd2 Nxd2 8. Qxd2 O-O 9. a3 Bxc3 10. Qxc3 Re8+ 11. Be2 Qe7 12. Qd2 d5 13. b4 Bg4 14. O-O Qxe2 15. Qxe2 Rxe2 16. Rad1 Rae8 17. h3 Bh5 18. b5 Na5 19. g4 Bg6 20. Nh4 Bc2 21. Rc1 Nc4 22. a4 Bxa4 23. Ng2 Nd2 24. Rfe1 Nf3+ 25. Kf1 Nxe1 26. Nxe1 Bxb5 27. Kg1 Rxe1+ 28. Rxe1 Rxe1+ 0-1

[Event "Sparkassen-Open J"]
[Site "Heusenstamm, Martinsee"]
[Date "2023.11.24"]
[Round "1.17"]
[White "Wolf, Helena"]
[Black "Vranckx, Gabriel"]
[Result "1-0"]
[WhiteElo "1188"]
[BlackElo "910"]
[PlyCount "65"]
[EventDate "2023.??.??"]
[WhiteTeam "SK Bad Homburg 1927"]
[BlackTeam "Sfr.Mainz 1928"]

1. e4 e5 2. Nf3 Nc6 3. Bc4 Bc5 4. c3 Nf6 5. d4 exd4 6. O-O Nxe4 7. cxd4 d5 8. dxc5 dxc4 9. Qe2 Qe7 10. Qxc4 Nxc5 11. Re1 Be6 12. Qc3 f6 13. b3 O-O-O 14. Ba3 Rd5 15. Bxc5 Rxc5 16. Rxe6 Rxc3 17. Rxe7 Rc1+ 18. Re1 Rxe1+ 19. Nxe1 Re8 20. Kf1 g5 21. Nc3 Nb4 22. a3 Nc6 23. b4 Nd4 24. Rd1 Nc6 25. Nf3 h5 26. Nd4 Ne5 27. Re1 b6 28. Nc6 Kd7 29. Nxe5+ fxe5 30. Ne4 g4 31. Nf6+ Ke7 32. Nxe8 Kxe8 33. Rxe5+ 1-0

[Event "Sparkassen-Open J"]
[Site "Heusenstamm, Martinsee"]
[Date "2023.11.24"]
[Round "1.18"]
[White "Pagnozzi, Luca"]
[Black "Li, Xiao Teng"]
[Result "0-1"]
[WhiteElo "901"]
[BlackElo "1247"]
[PlyCount "48"]
[EventDate "2023.??.??"]
[WhiteTeam "SV 1920 Hofheim"]
[BlackTeam "SK Bad Homburg 1927"]

1. e4 e5 2. Nf3 Nc6 3. Bc4 Bc5 4. c3 Nf6 5. d4 exd4 6. cxd4 Bb4+ 7. Nc3 Nxe4 8. O-O Bxc3 9. bxc3 O-O 10. Qd3 d5 11. Bxd5 Qxd5 12. c4 Qf5 13. Nh4 Qg4 14. f3 Qxh4 15. fxe4 Re8 16. Re1 Qxe1+ 17. Qf1 Qxf1+ 18. Kxf1 Nxd4 19. Be3 Nc2 20. Rc1 Nxe3+ 21. Ke2 Rxe4 22. g3 Bg4+ 23. Kd3 Rxc4 24. Re1 Rd8+ 0-1

[Event "Sparkassen-Open J"]
[Site "Heusenstamm, Martinsee"]
[Date "2023.11.24"]
[Round "1.19"]
[White "Kim, David"]
[Black "Schmidt, Hannes Jakob"]
[Result "1-0"]
[WhiteElo "1240"]
[BlackElo "900"]
[PlyCount "59"]
[EventDate "2023.??.??"]
[WhiteTeam "SV 1920 Hofheim"]
[BlackTeam "Sport Union Annen e. V."]

1. e4 c5 2. Nf3 d6 3. Bc4 Nc6 4. h3 Nf6 5. Nc3 g6 6. d4 cxd4 7. Nxd4 Bg7 8. O-O O-O 9. Bg5 Nxe4 10. Nxe4 Nxd4 11. Bd5 Bf5 12. c3 Bxe4 13. Bxe4 Ne6 14. Be3 a6 15. Bxb7 Rb8 16. Bxa6 Rxb2 17. Bc4 Bxc3 18. Bb3 Qd7 19. Rc1 Bg7 20. Ra1 Rxb3 21. axb3 Bxa1 22. Qxa1 Qb5 23. Rb1 Nc5 24. Bh6 Ne6 25. Bxf8 Nxf8 26. Qa4 Qd3 27. Rc1 Ne6 28. b4 Ng5 29. Qa1 Ne4 30. Rc8# 1-0

[Event "Sparkassen-Open J"]
[Site "Heusenstamm, Martinsee"]
[Date "2023.11.24"]
[Round "1.20"]
[White "Zhang, Mairui"]
[Black "Li, Leo Jiayi"]
[Result "0-1"]
[WhiteElo "898"]
[BlackElo "1227"]
[PlyCount "72"]
[EventDate "2023.??.??"]
[WhiteTeam "Sfr.Mainz 1928"]
[BlackTeam "SV Oberursel"]

1. e4 c5 2. Nf3 d6 3. Bc4 e6 4. Nc3 Ne7 5. d4 cxd4 6. Nxd4 d5 7. exd5 exd5 8. Bb3 g6 9. Bg5 Qd7 10. Bf6 Qd6 11. Bxh8 f6 12. Qf3 Qe5+ 13. Nce2 Nd7 14. Ba4 Kf7 15. Bxd7 Bxd7 16. O-O Nf5 17. Nxf5 Bxf5 18. Rac1 Kg8 19. Bxf6 Qxf6 20. Qxd5+ Be6 21. Qxb7 Rd8 22. Qxa7 Bd6 23. Rfd1 Qe5 24. Qd4 Qxe2 25. Re1 Bxh2+ 26. Kxh2 Qh5+ 27. Kg1 Rxd4 28. Rcd1 Rxd1 29. Rxd1 Qxd1+ 30. Kh2 Qxc2 31. Kg3 Qxb2 32. Kh2 Qe5+ 33. Kh1 Qh5+ 34. Kg1 Qg5 35. Kh2 Bd5 36. Kh1 Qxg2# 0-1

[Event "Sparkassen-Open J"]
[Site "Heusenstamm, Martinsee"]
[Date "2023.11.24"]
[Round "1.21"]
[White "Sautner, Sascha"]
[Black "Wolf, Aurelia"]
[Result "1-0"]
[WhiteElo "1219"]
[BlackElo "894"]
[PlyCount "115"]
[EventDate "2023.??.??"]
[WhiteTeam "SK 1912 Ludwigshafen"]
[BlackTeam "SK Bad Homburg 1927"]

1. e4 e5 2. Nf3 Nc6 3. Bb5 a6 4. Ba4 Nf6 5. d3 b5 6. Bb3 Bb4+ 7. c3 Bc5 8. O-O d5 9. d4 exd4 10. cxd4 Bb4 11. e5 Ne4 12. h3 O-O 13. Nbd2 Be6 14. Qc2 Qd7 15. Nxe4 dxe4 16. Qxe4 f5 17. Bxe6+ Qxe6 18. Qe3 Rad8 19. Rd1 Qc4 20. Qb3 Qxb3 21. axb3 a5 22. Bg5 Rd7 23. d5 Ne7 24. e6 Rdd8 25. d6 Bxd6 26. Rxd6 cxd6 27. Bxe7 Rc8 28. Bxf8 Kxf8 29. Rxa5 Rc1+ 30. Kh2 Rb1 31. Rxb5 Rxb2 32. Rb7 Rxf2 33. Rf7+ Ke8 34. Rxg7 Re2 35. e7 Rxe7 36. Rxe7+ Kxe7 37. Kg3 Kf6 38. b4 d5 39. b5 Ke6 40. Kf4 Kd6 41. Kxf5 Kc5 42. Nd4 h6 43. g4 Kb6 44. h4 Kc5 45. g5 hxg5 46. hxg5 Kb6 47. g6 Kc5 48. g7 Kb6 49. g8=Q Kc5 50. Qxd5+ Kxd5 51. b6 Kd6 52. Ke4 Kd7 53. Kd5 Kc8 54. Kc6 Kb8 55. b7 Ka7 56. Kc7 Ka6 57. b8=Q Ka5 58. Qb5# 1-0

[Event "Sparkassen-Open J"]
[Site "Heusenstamm, Martinsee"]
[Date "2023.11.24"]
[Round "1.22"]
[White "Schwab, Berenike"]
[Black "Milman, Sophie"]
[Result "0-1"]
[WhiteElo "859"]
[BlackElo "1184"]
[PlyCount "62"]
[EventDate "2023.??.??"]
[WhiteTeam "SC Aschaffenburg e.V."]
[BlackTeam "SC Heusenstamm"]

1. e4 e5 2. Nf3 Nc6 3. Bc4 Bc5 4. d3 h6 5. Nc3 Nf6 6. Be3 Bb6 7. O-O d6 8. h3 O-O 9. Re1 Be6 10. Bb3 d5 11. exd5 Nxd5 12. Nxd5 Bxd5 13. Bd2 Bxb3 14. axb3 f6 15. Nh4 Qd4 16. Be3 Qxh4 17. Qf3 Rad8 18. Bxb6 axb6 19. Ra4 Qg5 20. Rg4 Qd2 21. Rf1 Qxc2 22. Qg3 Rf7 23. Re1 Qxd3 24. Re3 Qb1+ 25. Kh2 Rd1 26. Qf3 Nd4 27. Qxb7 Rh1+ 28. Kg3 Nf5+ 29. Kf3 Nxe3 30. Kxe3 Re1+ 31. Kf3 Qd3# 0-1

[Event "Sparkassen-Open J"]
[Site "Heusenstamm, Martinsee"]
[Date "2023.11.24"]
[Round "1.23"]
[White "Gao, Chen Fan"]
[Black "Kollmer, Karla"]
[Result "1-0"]
[WhiteElo "1208"]
[BlackElo "850"]
[PlyCount "49"]
[EventDate "2023.??.??"]
[WhiteTeam "SC Rotenburg"]
[BlackTeam "VSG 1880 Offenbach"]

1. c4 e5 2. d3 Nc6 3. Nc3 Bb4 4. Bd2 Nf6 5. a3 Ba5 6. b4 Nxb4 7. axb4 Bxb4 8. Nf3 d6 9. Qa4+ Bd7 10. Qxb4 b6 11. g3 Bf5 12. Bg2 e4 13. Ng5 exd3 14. Bxa8 Qe7 15. Bg2 Kd7 16. Rxa7 Rc8 17. Qxb6 Ke8 18. Bc6+ Kf8 19. Qa5 Rb8 20. Ra8 g6 21. Rxb8+ Kg7 22. Qa8 h6 23. Nf3 h5 24. Rh8 Bg4 25. Bh6# 1-0

[Event "Sparkassen-Open J"]
[Site "Heusenstamm, Martinsee"]
[Date "2023.11.24"]
[Round "1.24"]
[White "Muhl, Justinus"]
[Black "Filis, Leon"]
[Result "0-1"]
[WhiteElo "816"]
[BlackElo "1205"]
[PlyCount "90"]
[EventDate "2023.??.??"]
[WhiteTeam "SK Weilheim e.V."]
[BlackTeam "SV 1920 Hofheim"]

1. e4 d5 2. exd5 Nf6 3. Nc3 Nxd5 4. Nxd5 Qxd5 5. Nf3 Bg4 6. h3 Bf5 7. Be2 Nc6 8. O-O O-O-O 9. d3 e5 10. Be3 f6 11. Nh4 Be6 12. Bf3 Qd7 13. Bxc6 Qxc6 14. Bxa7 b6 15. Re1 Kb7 16. Qf3 Qxf3 17. Nxf3 Kxa7 18. d4 Bd5 19. dxe5 Bxf3 20. gxf3 Be7 21. exf6 Bxf6 22. Re6 Rhe8 23. Rc6 Kb7 24. Rc3 Bxc3 25. bxc3 Re7 26. a4 Rde8 27. Kg2 Re5 28. f4 Rc5 29. Ra3 Re2 30. Rb3 Rxc2 31. h4 R2xc3 32. Rxc3 Rxc3 33. f5 Ra3 34. h5 h6 35. f3 c5 36. Kg3 c4 37. Kf4 Kc7 38. Ke5 Kd7 39. f6 gxf6+ 40. Kxf6 Rxf3+ 41. Kg6 Rg3+ 42. Kxh6 c3 43. Kh7 c2 44. Kh8 c1=Q 45. h6 Qxh6# 0-1

[Event "Sparkassen-Open J"]
[Site "Heusenstamm, Martinsee"]
[Date "2023.11.24"]
[Round "1.25"]
[White "Faisz, David"]
[Black "Gadela, Kundana"]
[Result "1-0"]
[WhiteElo "1161"]
[BlackElo "799"]
[PlyCount "87"]
[EventDate "2023.??.??"]
[WhiteTeam "SK 1926 Ettlingen"]
[BlackTeam "SV 1920 Hofheim"]

1. e4 g6 2. d4 Bg7 3. c4 c5 4. d5 Nf6 5. e5 Ne4 6. f3 Qa5+ 7. Ke2 Bxe5 8. fxe4 d6 9. h3 b5 10. cxb5 Qxb5+ 11. Ke1 Bg3+ 12. Kd2 Qb4+ 13. Nc3 Qd4+ 14. Bd3 Qf2+ 15. Qe2 Bf4+ 16. Kc2 Qg3 17. Bxf4 Qxf4 18. Bb5+ Kf8 19. Bc6 Ba6 20. Qe1 Bc4 21. Bxa8 Na6 22. Nge2 Nb4+ 23. Kd1 Bd3 24. Nxf4 Nc2 25. Qd2 Nxa1 26. Qxd3 e5 27. Ke2 exf4 28. Rxa1 Kg7 29. Bc6 f3+ 30. Kxf3 f5 31. e5 dxe5 32. Kf2 e4 33. Qd1 a5 34. d6 e3+ 35. Ke2 f4 36. d7 h5 37. d8=Q Rxd8 38. Qxd8 c4 39. Ne4 Kf7 40. Bd5+ Kg7 41. Qe7+ Kh6 42. Bg8 f3+ 43. gxf3 g5 44. Qh7# 1-0